000 00325nam a2200121Ia 4500
008 191201s2018 xx 000 0 und d
100 _aMURUGESH, N
245 0 _aAnatomy Physiology and Health education
260 _bSathya Pub
_aNew Delhi
_c2018
300 _a284
650 _aHuman Anatomy & Physiology
942 _2ddc
_cBK
_017
999 _c8239
_d8239